000 02836cam a2200361 4500500
005 20260208005008.0
041 _afre
042 _adc
100 1 0 _aMarcucci, Virginie
_eauthor
245 0 0 _aQuand Carrie rencontre Paris: Sex and the City de l'autre côté de l'Atlantique et du miroir
260 _c2008.
500 _a86
520 _aCet article est consacré à l’étude de la représentation de la France dans Sex and the City, série américaine emblématique de la dernière décennie. L'auteur s'intéresse à la fois à la façon dont références, clichés et idées reçues construisent une certaine image des Français, notamment par le biais de la narratrice qui est en même temps le personnage principal, mais aussi à la place accordée à la France et à sa capitale dans la trame narrative et dans l’économie de la série. Paris est en effet le lieu où Sex and the City s’achève au terme de six saisons et de quatre-vingt quatorze épisodes. Le rapport à la France tel qu'il apparaît au travers de la francophilie des protagonistes est cependant ambivalent : dans cette série primée de nombreuses fois et diffusée dans le monde entier, la France est un pays qui cristallise les rêves des héroïnes mais qui peine à tenir toutes ses promesses.
520 _aAlthough it is mostly set in New York — the city around which everything revolves, the series Sex and the City makes constant reference to France. This is mainly done through Carrie Bradshaw, the main narrator, who happens to be a Francophile. France is repeatedly celebrated for its glamour, class and art de vivre. Besides, the capital of France, Paris, is the location of the finale, the place not only where Carrie’s adventures end but the whole series as well. Such a choice gives the City of Lights special meaning and reveals that the French motif is embedded deeper than one may imagine. This article analyses the clichés about France, the French, and Paris in an attempt to understand and decipher the French and Parisian mythologies conveyed by this successful and critically-acclaimed HBO series.
690 _aclichés
690 _aétudes culturelles
690 _amythe moderne
690 _aParis
690 _areprésentations médiatiques
690 _asentiment anti-français
690 _aSex and the City
690 _asitcom
690 _aanti-French feeling
690 _aclichés
690 _acultural studies
690 _amedia representations
690 _amodern myth
690 _aParis
690 _aSex and the City
690 _asitcom
786 0 _nRevue française d’études américaines | 115 | 1 | 2008-04-03 | p. 102-120 | 0397-7870
856 4 1 _uhttps://shs.cairn.info/revue-francaise-d-etudes-americaines-2008-1-page-102?lang=fr&redirect-ssocas=7080
999 _c1650100
_d1650100